| 000 | 00000nam 2200000zi 4500 |
| 001 | 9.867723 |
| 003 | CaOODSP |
| 005 | 20241203113645 |
| 006 | m o d f |
| 007 | cr nn||||||||| |
| 008 | 190129s1987 onca ob f000 0 eng d |
| 040 | |aCaOODSP|beng|erda|cCaOODSP |
| 041 | |aeng|bfre |
| 043 | |an-cn--- |
| 086 | 1 |aEn13-5/87-11E-PDF |
| 100 | 1 |aLau, Y. L., |eauthor. |
| 245 | 10|aSuspended sediment effect on turbulent diffusion / |cby Y. Lam Lau and Vincent H. Chu. |
| 264 | 1|aBurlington, Ontario : |bHydraulics Division, National Water Research Institute, Canada Centre for Inland Waters, |c1987. |
| 300 | |a 1 online resource (8 unnumbered pages) : |billustrations. |
| 336 | |atext|btxt|2rdacontent |
| 337 | |acomputer|bc|2rdamedia |
| 338 | |aonline resource|bcr|2rdacarrier |
| 490 | 1 |aNWRI contribution ; |v87-11 |
| 500 | |aCover title. |
| 500 | |a"This paper has been submitted to the 22nd IAHR Congress to be held in Lausanne, Switzerland, August 31-September 4, 1987. This report is to provide information prior to publication and the contents are subject to change." |
| 500 | |a"February 1987." |
| 500 | |aDigitized edition from print [produced by Environment and Climate Change Canada]. |
| 504 | |aIncludes bibliographical references. |
| 520 | |a"When an open-channel flow carries sediment in suspension, its flow characteristics are different from a similar flow which carries no sediment. This report demonstrates for the first time, that the mixing characteristics are different. It shows that the rate at which a pollutant diffuses can be significantly reduced when the concentration of suspended sediments is large"--Management perspective. |
| 546 | |aIncludes and management perspective and summary in French. |
| 693 | 4|aOpen-channel flow |
| 693 | 4|aSuspended sediments |
| 693 | 4|aWater--Pollution |
| 700 | 1 |aChu, Vincent H., |d1942- |eauthor. |
| 710 | 1 |aCanada. |bEnvironment Canada. |
| 710 | 2 |aNational Water Research Institute (Canada). |bHydraulics Division. |
| 830 | #0|aNWRI contribution ;|v87-11.|w(CaOODSP)9.844121 |
| 856 | 40|qPDF|s686 KB|uhttps://publications.gc.ca/collections/collection_2019/eccc/En13-5-87-11-eng.pdf |